000 01325nam a2200253 a 4500
008 120416s1982 ||||||||||||||||| || u
020 _a0131702661
050 _aHF 5429 Bol
100 _aBolen, William H., 1943-
245 1 0 _aContemporary retailing
250 _a2nd. ed.
260 _aEnglewood Cliffs, N.J.:
_bFT Prentice-Hall
_c1982
300 _axxi, 561p.: ill
350 _a0.00
500 _aIncludes bibliographical references and index.
650 0 _aMARKETING
650 _aMERCHANDISING
650 _aRETAIL TRADE
995 _aANNEX COLLECTION (Main Library)
_D0.00
_e709369
_FCBU-MAIN LIBRARY (Kitwe)
_H2
_I0.00
_jHF 5429 Bol
_UAVAILABLE
_y004572
_ZAnnex Low-Usage Collection
995 _aANNEX COLLECTION (Main Library)
_D0.00
_e709368
_FCBU-MAIN LIBRARY (Kitwe)
_H3
_I0.00
_jHF 5429 Bol
_UAVAILABLE
_y004573
_ZAnnex Low-Usage Collection
995 _aANNEX COLLECTION (Main Library)
_D0.00
_e709371
_FCBU-MAIN LIBRARY (Kitwe)
_H4
_I0.00
_jHF 5429 Bol
_UAVAILABLE
_y004571
_ZAnnex Low-Usage Collection
995 _aMAIN LIBRARY OPEN ACCESS
_D0.00
_e004906
_FCBU-MAIN LIBRARY (Kitwe)
_H5
_I0.00
_jHF 5429 Bol
_UAVAILABLE
_y004906
_ZMain Library Open Access Collection
995 _aMAIN LIBRARY OPEN ACCESS
_D0.00
_e004570
_FCBU-MAIN LIBRARY (Kitwe)
_H1
_I0.00
_jHF 5429 Bol
_UAVAILABLE
_y004570
_ZMain Library Open Access Collection
999 _c79830
_d79830